000 03184cgm a2200721Ka 4500
001 ocn827238260
003 OCoLC
005 20200320191011.0
007 vd cvaizq
008 130211s2013 nyu096 vlfre d
020 _c30.00
024 1 _a738329096427
028 4 2 _aK964
_bKino Lorber
035 _a(OCoLC)827238260
037 _bMidwest Tape
_nhttp://www.midwesttapes.com
040 _aTEFMT
_cTEFMT
_dTEF
_dPX0
_dWACOL
041 1 _afre
_jeng
_hfre
049 _aWACL
050 4 _aPN1997.2
_b.A45 2013
082 0 4 _a791.43/72
_223
092 _aDVD
_bAll
245 0 0 _aAll together
_h[videorecording] /
_cKino Lorber and Tribeca Film in partnership with American Express present ; a Les Films de la Butte/Rommel Film/Manny Films/Studio 37/Home Run Pictures production ; producers Christophe Bruncher ... [et al.] ; written and directed by Stéphane Robelin.
246 1 _iOriginal French title:
_aEt si on vivait tous ensemble?
260 _aNew York, NY :
_bDistributed by Kino Lorber,
_c2013.
300 _a1 videodisc (96 min.) :
_bsd., col. ;
_c4 3/4 in.
538 _aDVD, NTSC region 1, widescreen (1.85:1) presentation; Dolby Digital 5.1 surround.
546 _aFrench dialogue with English subtitles.
500 _aEnglish title from disc surface; French title from title screen.
511 1 _aJane Fonda, Geraldine Chaplin, Pierre Richard, Claude Rich, Daniel Brühl, Guy Bedos.
508 _aMusic, Jean-Philippe Verdin ; editor, Patrick Wilfert ; director of photography, Dominique Colin.
500 _aOriginally produced as a motion picture in 2011.
521 8 _aNot rated.
520 _aWhen elderly lothario Claude is put into an assisted living home, his friends bust him out and start a cranky commune together, thinking they can care for each other better than anyone else.
500 _aSpecial features: trailers; stills gallery.
521 _aDVD
_b, amazon
650 0 _aRoommates
_vDrama.
_95712503
650 0 _aOlder people
_vDrama.
_95696849
650 0 _aOld age homes
_vDrama.
_95878457
650 0 _aMyocardial infarction
_xPatients
_vDrama.
_95878458
650 0 _aFriendship
_vDrama.
_95682261
655 7 _aFeature films.
_2lcgft
_95878459
655 7 _aFiction films.
_2lcgft
_95674705
655 7 _aComedy films.
_2lcgft
_9102658
700 1 _aRobelin, Stéphane.
_95878460
700 1 _aBrucncher, Christophe.
_95878461
700 1 _aFonda, Jane,
_d1937-
_99583
700 1 _aChaplin, Geraldine,
_d1944-
_959746
700 1 _aRichard, Pierre,
_d1934-
_95878462
700 1 _aRich, Claude,
_d1929-
_95878463
700 1 _aBrühl, Daniel,
_d1978-
_970432
700 1 _aBedos, Guy,
_d1934-
_95878464
710 2 _aTribeca Productions.
_963635
710 2 _aFilms de la Butte (Firm)
_95878465
710 2 _aRommel Film (Firm)
_95878466
710 2 _aManny Films (Firm)
_95878467
710 2 _aStudio 37 (Firm)
_95878468
710 2 _aHome Run Pictures (Firm)
_95878469
710 2 _aKino Lorber, Inc.
_95717382
942 _cDVD
_023
948 _a04/05/2013
_zSirsi
994 _a02
_bWACOL
996 _a96659
_b34301001232943
_cDVD
_dDVD
_ewcl
_fi
_g23
_h20.00
_lamazon
_mAll
_p04/29/2013
_q10/01/2019
_r09/25/2019
999 _c280367
_d280367